LEADER 01207nam a2200301 i 4500 001 000000040404 003 CaOOAMICUS 005 20120712000000.0 008 120712s1983 it u000 u ita u 013 $a11574 020 $a88-211-8508-7 040 $aSeMil$bita 100 0 $aIoannes Paulus II,$c.$0(OLS)http://semarc/name/646 245 10$aAmore e responsabilità :$bmorale sessuale e vita interpersonale /$cKarol Wojtyla. 250 $a4. edizione. 260 $aCasale Monferrato :$bMarietti,$c1983 (copyr. 1980) 300 $a247 p. ;$c24 cm. 650 4$aMorale sessuale.$0(OLS)http://semarc/subject/3413 850 $aSeMil 852 $aSeMil$W1$xVenegono$y1$m2E IV 289$j6559$B6559$CSeMilBibl$Z2$F6559 $81 900 1 $aWojtyla, Karol,$d<1920-2005>. 900 0 $aGiovanni Paolo II$c. 961 $aAcquisto: Distributore 996 $6020$a88-211-8508-7$9(OLS)http://semarc/number/10590 996 $6245$aAmore e responsabilità :$bmorale sessuale e vita interpersonale$9(OLS)http://semarc/title/58017 996 $6260$aCasale Monferrato :$bMarietti$9(OLS)http://semarc/publisher/29936 LEADER 00925nam a2200217 i 4500 001 000000068466 003 CaOOAMICUS 005 20100223000000.0 008 100223s1902 fr u000 u fre u 013 $a39638 040 $aSeMil$bita 100 1 $aBlech, Aimée.$0(OLS)http://semarc/name/34136 245 12$aA ceux qui souffrent... :$bQuelques points de l'enseignement théosophique /$cAimée Blech. 250 $a2. éd. 260 $aParis :$bPublications théosophiques,$c1902$e(Tours :$fImpr. Arrault,$g1902) 300 $a114 p. ;$c19 cm. 650 4$aTeosofia.$0(OLS)http://semarc/subject/3598 850 $aSeMil 852 $aSeMil$W1$xVenegono$y1$m2X II 113$j34619$B34619$CSeMilBibl$Z2$F34622 $81 996 $6245$aA ceux qui souffrent... :$bQuelques points de l'enseignement théosophique$9(OLS)http://semarc/title/109296 996 $6260$aParis :$bPublications théosophiques$9(OLS)http://semarc/publisher/42797